Girls und Panzer Tank Commanders - Statistics

General Stats
  • This quiz has been taken 43 times
  • The average score is 17 of 38
Answer Stats
Hint Answer % Correct
Panzer IV Miho Nishizumi
100%
T-34/85 Katyusha
94%
Tiger I Maho Nishizumi
94%
Tiger II Erika Itsumi
89%
P40 Anchovy
83%
IS-2 Nonna
83%
M4 Sherman Kay
78%
Churchill Mk VIII Darjeeling
72%
Centurion Alice Shimada
67%
Carro Veloce CV33 Pepperoni
61%
Crusader Mk III Rosehip
61%
Simovente Carpaccio
56%
BT-42 Mika
56%
SOUMA S35 Rena Andou
56%
T-34/85 Klara
50%
FT-17 Marie
50%
Type-97 Chi Ha Kinuyo Nishi
44%
M4A1 76W Sherman Alisa
39%
StuG III Erwin
39%
Panther G Koume Akaboshi
39%
ARL 44 Ruka Oshida
39%
Char B1 Bis Midoriko Sono
33%
38T (Hetzer) Anzu Kadotani
28%
Sturmi (StuG III) Jouko
28%
Sherman Firefly Naomi
28%
M-26 Pershing Rumi
28%
M-26 Pershing Azumi
22%
Type-89 Isobe Noriko
22%
Type-3 Chi-Nu Mai Nekota
22%
M-26 Pershing Megumi
22%
Type-97 Chi Ha Shizuko Hosomi
22%
Mk 4 Tank Tornado Ogin
22%
M3 Lee Asuza Sawa
17%
Type-95 Ha-Go Haru Fukuda
17%
VK4501P (Porsche Tiger) Rera Nakajima
17%
Matilda II Rukuriri
17%
Type-97 Shinhoto Tamaki Tamada
17%
KV-1 Yuri
17%
No matching quizzes found
Score Distribution
Percent of People with Each Score
Percentile by Number Answered
Your Score History
You have not taken this quiz